Biblioteca y Centro de Documentación

Manual de Derecho Constitucional (Registro nro. 51610)

Detalles MARC
000 -CABECERA
Longitud fija campo de control 01304nam a2200313 c 4500
001 - NÚMERO DE CONTROL
Número de control 51610
003 - IDENTIFICADOR DE NÚMERO DE CONTROL
Identificador del número de control ES-MaCES
005 - FECHA Y HORA DE LA ÚLTIMA TRANSACCIÓN
Fecha y hora de la última transacción 20201209102109.0
008 - CAMPO FIJO DE DESCRIPCIÓN FIJA--INFORMACIÓN GENERAL
Códigos de información de longitud fija   201209s2020 ssp f 000|0|spad|
020 ## - ISBN (INTERNATIONAL STANDARD BOOK NUMBER)
Número Internacional Normalizado para Libros (ISBN) 9788430943401 (o.c.)
040 ## - FUENTE DE CATALOGACIÓN
Centro catalogador de origen ES-MaCES
Lengua de catalogación spa
Centro transcriptor ES-MaCES
245 00 - MENCIÓN DE TÍTULO
Título Manual de Derecho Constitucional
Mención de responsabilidad, etc. Francisco Balaguer Callejón (coord.) ; [autores], Gregorio Cámara Villar ... [et al.]
250 ## - MENCIÓN DE EDICIÓN
Mención de edición 15ª ed
260 ## - PUBLICACIÓN, DISTRIBUCIÓN, ETC (PIE DE IMPRENTA)
Lugar de publicación, distribución, etc. Madrid
Nombre del editor, distribuidor, etc. Tecnos
Fecha de publicación, distribución, etc. 2020
300 ## - DESCRIPCIÓN FÍSICA
Extensión 2 v.
Dimensiones 24 p.
500 0# - NOTA GENERAL
Nota general V. I: Constitución y fuentes del Derecho, Derecho constitucional europeo, Tribunal Constitucional, Estado autonómico. - DL M 17374-2020. - ISBN 9788430979875 (V. I). - 527 p. -- V. 2: Derechos y libertades fundamentales, deberes constitucionales y principios rectores y órganos constitucionales. - DL M 17375-2020. - ISBN 9788430979882 (V. II). - 680 p.
541 ## - NOTA DE LA FUENTE INMEDIANTE DE ADQUISICIÓN
Forma de adquisición Compra
650 #4 - ASIENTO SECUNDARIO DE MATERIA--TÉRMINO DE MATERIA
Término de materia o nombre geográfico como elemento inicial constitución
9 (RLIN) 27193
650 #4 - ASIENTO SECUNDARIO DE MATERIA--TÉRMINO DE MATERIA
Término de materia o nombre geográfico como elemento inicial derecho constitucional
9 (RLIN) 27158
650 #4 - ASIENTO SECUNDARIO DE MATERIA--TÉRMINO DE MATERIA
Término de materia o nombre geográfico como elemento inicial derecho comunitario
9 (RLIN) 29866
650 #4 - ASIENTO SECUNDARIO DE MATERIA--TÉRMINO DE MATERIA
Término de materia o nombre geográfico como elemento inicial UE
9 (RLIN) 26752
650 #4 - ASIENTO SECUNDARIO DE MATERIA--TÉRMINO DE MATERIA
Término de materia o nombre geográfico como elemento inicial España
9 (RLIN) 26964
650 #4 - ASIENTO SECUNDARIO DE MATERIA--TÉRMINO DE MATERIA
Término de materia o nombre geográfico como elemento inicial manual
9 (RLIN) 29264
653 10 - TÉRMINO DE INDEXACIÓN--NO CONTROLADO
Término no controlado Derecho constitucional
700 1# - ENCABEZAMIENTO SECUNDARIO--NOMBRE PERSONAL
9 (RLIN) 6927
Nombre de persona Balaguer Callejón, Francisco
Término indicativo de función coord.
700 1# - ENCABEZAMIENTO SECUNDARIO--NOMBRE PERSONAL
9 (RLIN) 8795
Nombre de persona Cámara Villar, Gregorio
902 ## - CES. TIPO DE DOCUMENTO
Tipodoc (006$c Sirtex) LIB Libro
942 ## - ELEMENTOS KOHA
Fuente de clasificaión o esquema Clasificación propia del CES
Koha [por defecto] tipo de item Monografías
Parte de clasificación Derecho Constitucional
Existencias
Número de registro Signatura completa Tipo de item de Koha
092077 DPT-13811 Monografías
092078 DPT-13812 Monografías
© CES, Consejo Económico y Social de España 2021